| 000 | 00573nam a22002057a 4500 | ||
|---|---|---|---|
| 003 | MPLRDC | ||
| 005 | 20220104201355.0 | ||
| 008 | 210129b ||||| |||| 00| 0 eng d | ||
| 020 | _a978-967-0564-89-0 | ||
| 082 | _a859.6 XYB v.6 c.2 | ||
| 100 | _a许友彬 | ||
| 245 |
_a鹅卵石 _c |
||
| 250 | _a二版一刷 | ||
| 260 |
_a马来西亚 _b红蜻蜓出版有限公司 ODONATA PUBLISHING SDN BHD _c2016 |
||
| 300 | _b平 | ||
| 490 | _a许友彬作品: 06 | ||
| 520 | _a上架 2017-05-02。 | ||
| 650 | _a儿童故事;儿童小说 | ||
| 942 |
_cBK _o859.6 XYB v.6 c.2 |
||
| 999 |
_c67142 _d67132 |
||